Statistics for European Football (Soccer) Treble Winners

Click here to take the quiz!

General Stats

  • This quiz has been taken 9,419 times
    (6,796 since last reset)
  • The average score is 5 of 7

Answer Stats

Answer % Correct
Barcelona
96%
Manchester United
89%
Bayern Munich
80%
Internazionale
79%
Ajax
66%
Celtic
46%
PSV Eindhoven
37%

Score Distribution

Percentile by Number Answered

Percent of People with Each Score

Your Score History

You have not taken this quiz since the last reset